| 000 | 01211nam a2200301 a 4500 | ||
|---|---|---|---|
| 999 |
_c472113 _d472113 |
||
| 003 | BLK | ||
| 005 | 20250527160814.0 | ||
| 008 | 220831b bu |||||r|||| 00| | bu d | ||
| 020 | _a9786190210764 | ||
| 040 | _aBLK | ||
| 041 |
_aBUL _cBUL |
||
| 080 |
_aБългарска литература _b821.163.2 _x-32 _z821.163.2-32 |
||
| 100 |
_91299 _aКасимова-Моасе, Мария Хиндова _eпърви автор |
||
| 139 | _aКасимова-Моасе, Мария Хиндова | ||
| 245 |
_aМонолози _bСборник с изповеди _cМария Касимова-Моасе; ред. Татяна Джокова. |
||
| 257 | _aBGR | ||
| 260 |
_9209486 _aСофия _bКолибри _c2022 _n978-619-02- ; 978-619-150- ; 978-954-150- ; 978-954-529- |
||
| 300 |
_a136 с. _c20 см |
||
| 380 | _aX | ||
| 500 | _aБиогр. данни за авт. отбелязани на гърба на кор. | ||
| 700 | 1 |
_960944 _aДжокова, Татяна _eред. |
|
| 852 |
_c821.163.2-32/ К 45 _bП |
||
| 852 |
_aЦб 315139 _bЦб |
||
| 856 |
_i0.00 _ldisable |
||
| 942 |
_cKNG _n0 _s1 _033 |
||
| 944 |
_aCR _c2022-12-14 _k30531 _lЦветелина Шанова |
||
| 999 | _d472113 | ||